000 00616cam a2200193 4500
001 WB3601-25
008 000000n1999 000 0 eng u
035 _a(Sirsi) u103309
245 _aMillennium viruses
260 _c1999
490 _aBuilding
_v264(8117) 17 December 1999, 13(1)
520 _aThe Construction Industry Computing Association has warned construction firms to be aware of an epidemic of millennium viruses.
590 _aWB
650 _aCICA
650 _aMILLENNIUM
650 _aCONSTRUCTION COMPANIES
690 _aMANAGEMENT-BUSINESS MANAGEMENT-INFORMATION MANAGEMENT
942 _n0
999 _c62088
_d62088